Effct of suing giant pigweed (trianthema portulacastrum) in concentrated feed on growing of quail at animalexperimental station of royal university of agriculture, (ឥទ្ធិពលនៃការប្រើប្រាស់ផ្ទីថ្មក្រៀម ក្នុងចំណីផ្សំលើការលូតលាស់របស់ក្រួច នៅស្ថានីយ៍ពិសោធន៍សត្វ នៃសាកលវិទ្យាល័យភូមិន្ទកសិកម្ម) (Record no. 2341)

000 -LEADER
fixed length control field 00881nam a22001337a 4500
040 ## - CATALOGING SOURCE
Transcribing agency RUA
082 ## - DEWEY DECIMAL CLASSIFICATION NUMBER
Classification number AVM SUN 2009 B088 Or.1
100 ## - MAIN ENTRY--AUTHOR NAME
Personal name SUN LEANGHENG
245 ## - TITLE STATEMENT
Title Effct of suing giant pigweed (trianthema portulacastrum) in concentrated feed on growing of quail at animalexperimental station of royal university of agriculture, (ឥទ្ធិពលនៃការប្រើប្រាស់ផ្ទីថ្មក្រៀម ក្នុងចំណីផ្សំលើការលូតលាស់របស់ក្រួច នៅស្ថានីយ៍ពិសោធន៍សត្វ នៃសាកលវិទ្យាល័យភូមិន្ទកសិកម្ម)
260 ## - PUBLICATION, DISTRIBUTION, ETC. (IMPRINT)
Place of publication phnom penh
Name of publisher rua
Year of publication 2009
300 ## - PHYSICAL DESCRIPTION
Number of Pages x, 48p.
Other physical details ill.
Dimensions 29cm.
856 ## - ELECTRONIC LOCATION AND ACCESS
Uniform Resource Identifier https://drive.google.com/file/d/1R4ekevcUeXnSljNdcLqVhUuPDWMeKYzJ/view?usp=sharing
942 ## - ADDED ENTRY ELEMENTS (KOHA)
Koha item type AVM
952 ## - LOCATION AND ITEM INFORMATION (KOHA)
Withdrawn status [LOCAL, KOHA] 0
952 ## - LOCATION AND ITEM INFORMATION (KOHA)
Withdrawn status [LOCAL, KOHA] 0
952 ## - LOCATION AND ITEM INFORMATION (KOHA)
Withdrawn status [LOCAL, KOHA] 0
952 ## - LOCATION AND ITEM INFORMATION (KOHA)
Withdrawn status [LOCAL, KOHA] 0
952 ## - LOCATION AND ITEM INFORMATION (KOHA)
Withdrawn status [LOCAL, KOHA] 0
952 ## - LOCATION AND ITEM INFORMATION (KOHA)
Withdrawn status [LOCAL, KOHA] 0
952 ## - LOCATION AND ITEM INFORMATION (KOHA)
Withdrawn status [LOCAL, KOHA] 0
952 ## - LOCATION AND ITEM INFORMATION (KOHA)
Withdrawn status [LOCAL, KOHA] 0
952 ## - LOCATION AND ITEM INFORMATION (KOHA)
Withdrawn status [LOCAL, KOHA] 0
952 ## - LOCATION AND ITEM INFORMATION (KOHA)
Withdrawn status [LOCAL, KOHA] 0
Holdings
Permanent Location Date acquired Koha item type Lost status Shelving location Barcode Current Location Full call number
Library Block B2015-10-19AVM B088RUA016269Library Block BAVM SUN 2009 B088 Or.1
Library Block B2015-10-19AVM B088RUA016341Library Block BAVM SUN 2009 B088 Or.2
Library Block B2015-10-19AVM B088RUA016476Library Block BAVM SUN 2009 B088 Or.3
Library Block B2015-10-19AVM B088RUA016466Library Block BAVM SUN 2009 B088 Or.4
Library Block B2015-10-19AVM B088RUA016260Library Block BAVM SUN 2009 B088 Or.5
Library Block B2015-10-19AVM B088RUA016250Library Block BAVM SUN 2009 B088 Or.6
Library Block B2015-10-20AVM B088RUA006127Library Block BAVM SUN 2009 B088 Or.7
Library Block B2015-10-20AVM B088RUA006415Library Block BAVM SUN 2009 B088 Or.8
Library Block B2015-10-28AVM B088RUA007710Library Block BAVM SUN 2009 B088 Or.9
Library Block B2015-10-28AVM B088RUA007924Library Block BAVM SUN 2009 B088 Or.10
មជ្ឈមណ្ឌលឯការនៃសាកលវិទ្យាល័យភូមិន្ទកសិកម្មចំការដូង

Powered by Koha